• 首页
  • 本馆介绍
  • 公告通知
  • 最新文献
  • 馆藏检索
  • 电子资源
  • 读者荐购
  • 参考咨询
  • CALIS
  • 我的图书馆
  • 登录
  • 详细信息显示
  • 放入我的书架
  • 预约/预借图书
  • 作者相关作品
  • 分类相关作品
  • 丛书相关作品
  • 出版社相关作品

书目信息

  • 表格格式
  • 工作单格式
  • 卡片格式
题名:
2004年中国注册房地产经纪人执业资格考试应试指导及模拟练习
    
 
作者: 滕光增 , 滕光增 编
分册:  
出版信息: 北京   中国建材工业出版社  2004.07
页数: 270页
开本: 26cm
丛书名:
单 册:
中图分类: F299.233-44
科图分类:
主题词: 房地产业--经纪人--资格考核--中国--自学参考资料
电子资源:
ISBN: 7-80159-700-1
 
 
 
 
 
000 00922nam0 2200229 450
001 0133343349
005 20050531091138.26
010    @a7-80159-700-1@dCNY 31.00
100    @a20050406d2004 km y0chiy0120 ea
101 0  @achi
102    @aCN@b110000
105    @ay z 000yy
200 1  @a2004年中国注册房地产经纪人执业资格考试应试指导及模拟练习@A2004 nian zhong guo zhu ce fang di chan jing ji ren zhi ye zi ge kao shi ying shi zhi dao ji mo ni lian xi@f滕光增等编@Fteng guang zeng deng bian
210    @a北京@c中国建材工业出版社@d2004.07
215    @a270页@d26cm
330    @a本书分为房地产基本制度与政策、房地产经纪概论、房地产经纪实必、房地产经纪相关知识、模拟练习五部分。
606 0  @a房地产业@x经纪人@x资格考核@y中国@x自学参考资料
690    @aF299.233-44@v4
701  0 @a滕光增@Ateng guang zeng@4编
701  0 @a滕光增@Ateng guang zeng@4编
801  0 @aCN@bQSSK@c20050531
905    @a10447@dF299.233-44@eT418
    
    2004年中国注册房地产经纪人执业资格考试应试指导及模拟练习/滕光增等编.-北京:中国建材工业出版社,2004.07
    270页;26cm
    
    
    ISBN 7-80159-700-1:CNY 31.00
    本书分为房地产基本制度与政策、房地产经纪概论、房地产经纪实必、房地产经纪相关知识、模拟练习五部分。
●
相关链接 在E读中查询图书 在当当中查询图书 在豆瓣中查询图书


正题名:2004年中国注册房地产经纪人执业资格考试应     索取号:F299.233-44/T418         预约/预借

序号 登录号 条形码 馆藏地/架位号 状态 备注
1 499556   204995568   社科库409/409社科库 31排2列5层/ [索取号:F299.233-44/T418] 在馆    
2 499557   204995577   社科库409/400B社科库 3排1列2层/ [索取号:F299.233-44/T418] 在馆    
3 499558   204995586   社科库409/409社科库 31排2列5层/ [索取号:F299.233-44/T418] 在馆    
河南城建学院图书馆 欢迎您!
大连网信软件有限公司© 版权所有